000 002500000a22000970004500
100 1 _aRomarheim, Arild
245 1 0 _aThe image of Jesus the Christ in new age
300 _aNúm 73 (1996), Páginas 18-19
773 0 _tWorld Evangelization
942 _cANA
999 _c57551
_d57551